|
|
|
|
| LEADER |
00673nab a2200169 i 4500 |
| 001 |
delm78199 |
| 005 |
20180928084319.0 |
| 008 |
180928s1968 hu o 0|| hun d |
| 040 |
|
|
|a SZTE Délmagyarország Archívum
|b hun
|
| 041 |
|
|
|a hun
|
| 100 |
1 |
|
|a Nikolényi István
|
| 245 |
1 |
0 |
|a Bánk bán
|h [elektronikus dokumentum] :
|b nyitóelőadás a Dóm előtt /
|c Nikolényi István
|
| 260 |
|
|
|c 1968-07-23
|
| 300 |
|
|
|a 5
|
| 490 |
0 |
|
|a Délmagyarország
|v 58 No. 171
|
| 695 |
|
|
|a Radnai György, Szinetár Miklós, Sebestyén Sándor, Félix László, Simándy József, Szabadtéri Játékok, Szegedi Szabadtéri Játékok Bánk Bán 1968
|
| 700 |
0 |
2 |
|a Somogyi Károlyné Neurohr Magdolna
|e aut
|